000 00217 a2200097 4500
001 23011
100 _aBartholomew, J
245 _aMilitary information systems
260 _a
_bFrederick
_c1964
090 _c15557
_d15557
942 _aNUST-CAE
_cM
_c6177
999 _c258084
_d258084